000 00316nam a22001457a 4500
008 230320b ||||| |||| 00| 0 eng d
020 _a9780986379727
041 _aeng
080 _a004
082 _a004DEL
100 _a18
101 _aSHKP
245 _aHOW NOT TO BE HACKED
_cDELUCCIA.J.J
942 _2udc
_cBK
999 _c59391
_d59391